ARRUPE JESUIT UNIVERSITY

CORONAVIRUS -STOP THE SPREAD - CLEAN,DISINFECT,COVER

Fitzroy Maclean (Record no. 119092)

MARC details
000 -LEADER
fixed length control field 00469nam a22001457a 4500
008 - FIXED-LENGTH DATA ELEMENTS--GENERAL INFORMATION
fixed length control field 131205b xxu||||| |||| 00| 0 eng d
020 ## - INTERNATIONAL STANDARD BOOK NUMBER
International Standard Book Number 071954971X
050 ## - LIBRARY OF CONGRESS CALL NUMBER
Classification number DA585.M34M34 1992
100 ## - MAIN ENTRY--PERSONAL NAME
Personal name McLynn, Frank
9 (RLIN) 5170
245 ## - TITLE STATEMENT
Title Fitzroy Maclean
260 ## - PUBLICATION, DISTRIBUTION, ETC. (IMPRINT)
Place of publication, distribution, etc London
Name of publisher, distributor, etc John Murray
Date of publication, distribution, etc 1992
300 ## - PHYSICAL DESCRIPTION
Extent 418p.
Dimensions 23cm
650 ## - SUBJECT ADDED ENTRY--TOPICAL TERM
Topical term or geographic name as entry element Maclean, Fitzroy; Great Britain - Foreign relations - 1936-1945; Great Britain - Foreign relations - 1945-
9 (RLIN) 5171
942 ## - ADDED ENTRY ELEMENTS (KOHA)
Source of classification or shelving scheme Library of Congress Classification
Item type Monograph ( Printed materials)
Holdings
Withdrawn status Lost status Source of classification or shelving scheme Damaged status Not for loan Home library Current library Date acquired Total Checkouts Full call number Barcode Date last seen Price effective from Koha item type
    Library of Congress Classification     ARRUPE LIBRARY ARRUPE LIBRARY 05/12/2013   DA585.M34M34 1992 464122647 27/10/2017 05/12/2013 Monograph ( Printed materials)

 

Arrupe Library. PO Box MP320 Mt Pleasant, Harare, Zimbabwe
263 242 745411|librarian@aju.ac.zw